Central Library OPAC University of Rajshahi

Seeds : (Record no. 13948)

MARC details
000 -LEADER
fixed length control field 00936cam a22002894a 4500
001 - CONTROL NUMBER
control field 13948
003 - CONTROL NUMBER IDENTIFIER
rucl marc code BD-RjUL
005 - DATE AND TIME OF LATEST TRANSACTION
control field 20211208235537.0
008 - FIXED-LENGTH DATA ELEMENTS--GENERAL INFORMATION
fixed length control field 140203r20051995orua 001 0 eng
020 ## - INTERNATIONAL STANDARD BOOK NUMBER
International Standard Book Number 0881926825 (pbk.)
035 ## - SYSTEM CONTROL NUMBER
System control number (BD-RjUL)14000
040 ## - CATALOGING SOURCE
Original cataloging agency DLC
Transcribing agency DLC
Modifying agency DLC
-- BD-RjUL
Language of cataloging eng
041 ## - LANGUAGE CODE
Language code of text/sound track or separate title eng
082 00 - DEWEY DECIMAL CLASSIFICATION NUMBER
Classification number 631.521
Edition number 22
Author mark and year LOS 2005
100 1# - MAIN ENTRY--PERSONAL NAME
Personal name Loewer, H. Peter.
9 (RLIN) 43603
245 10 - TITLE STATEMENT
Title Seeds :
Remainder of title the definitive guide to growing, history, and lore /
Statement of responsibility, etc. Peter Loewer.
260 ## - PUBLICATION, DISTRIBUTION, ETC. (IMPRINT)
Place of publication, distribution, etc. Portland, OR :
Name of publisher, distributor, etc. Timber Press,
Date of publication, distribution, etc. c1995 [Pub. 2005].
300 ## - PHYSICAL DESCRIPTION
Pagination x, 229 p. :
Illustrations ill. ;
Size 24 cm.
504 ## - BIBLIOGRAPHY, ETC. NOTE
Bibliography, etc Includes index.
650 #0 - SUBJECT ADDED ENTRY--TOPICAL TERM
Topical term or geographic name as entry element Seeds.
9 (RLIN) 38822
Topical term or geographic name as entry element Seed technology.
9 (RLIN) 43604
Topical term or geographic name as entry element Seed industry and trade.
9 (RLIN) 43605
Topical term or geographic name as entry element Plant propagation.
9 (RLIN) 43606
856 42 - ELECTRONIC LOCATION AND ACCESS
Materials specified Publisher description
Uniform Resource Identifier <a href="http://www.loc.gov/catdir/enhancements/fy0713/2004051657-d.html">http://www.loc.gov/catdir/enhancements/fy0713/2004051657-d.html</a>
942 ## - ADDED ENTRY ELEMENTS (KOHA)
Source of classification or shelving scheme Dewey Decimal Classification
Koha item type Books
Holdings
Lost status Source of classification or shelving scheme Damaged status Not for loan Collection code Permanent Location Current Location Shelving location Date acquired Source of acquisition Cost, normal purchase price Total Checkouts Full call number Date last seen Copy number Koha item type
  Dewey Decimal Classification     Non-fiction Central Library, University of Rajshahi Central Library, University of Rajshahi     Dhaka, Paragon Enterprises Ltd 0.00   631.521 LOS 2005 03/02/2014 C-2 Books
  Dewey Decimal Classification     Non-fiction Central Library, University of Rajshahi Central Library, University of Rajshahi   22/08/2010 Dhaka, Paragon Enterprise Ltd. 17.95   631.521 LOS 2005 09/02/2014 C-3 Books
  Dewey Decimal Classification   Not For Loan Non-fiction Central Library, University of Rajshahi Central Library, University of Rajshahi Reading Room 22/08/2010 Paragogn Enterprise, Dhaka 17.95   631.521 LOS 2005 20/03/2017 C-1 Books
  Dewey Decimal Classification     Non-fiction Central Library, University of Rajshahi Central Library, University of Rajshahi   22/08/2010 Dhaka: Paragon ent. 17.95   631.521 LOS 2005 12/11/2020 C-4 Books